The second part of the history of Henry the fourth

Shranjeno v:
Bibliografske podrobnosti
Glavni avtor: Shakespeare, William
Format: Knjiga
Jezik:Undetermined
Izdano: Gran Bretaña Penguin Books 1949
Teme:
Oznake: Označite
Brez oznak, prvi označite!

MARC

LEADER 00000nam a2200000Ia 4500
008 170316s9999 xx 000 0 und d
040 |a cru BVZT 
090 |a 820 S-5he 
100 |a Shakespeare, William 
245 4 |a The second part of the history of Henry the fourth 
260 |a Gran Bretaña 
260 |b Penguin Books 
260 |c 1949 
300 |a 152 páginas 
650 |a LITERATURA INGLESA 
999 |c 7125  |d 7125 
942 |c 15 D  |h 820 S-5he  |2 z